000 00728cam a2200253 a 4500
001 2684693
003 ARRUPE
005 20160209115638.0
008 730321s1910 enkacf 001 0beng u
010 _a 10029716
035 _a(OCoLC)ocm00585782
035 _a(NNC)2684693
040 _cWSU
_dBOS
_dOCL
_dZCU
043 _afs-----
099 _a968.09
_aR348
100 1 _aMichell, Lewis,
_d1842-1928.
_922112
245 1 4 _aThe life of the Rt. Hon. Cecil John Rhodes, 1853-1902 /
_cby Sir Lewis Michell.
260 _aLondon :
_bE. Arnold,
_c1910.
300 _a2 v. :
_bill., ports. ;
_c23 cm.
500 _aIncludes index.
600 1 0 _aRhodes, Cecil John
_d1853-1902.
_922113
942 _2lcc
_cSPC
999 _c124114
_d124114